000 00341nam a2200121Ia 4500
005 20251222141819.0
008 251222s9999||||xx |||||||||||||| ||spa||
082 _a370.19/C38
100 _aCavero Carrasco, Juan Ranulfo
245 0 _aAntropología de la Educación
264 _bUniversidad Nacional de San Cristobal de Huamanga
942 _cLIB
999 _c6721
_d6721